[Event "2nd open for DUNI cup"]
[Site "Primorsko"]
[Date "2016.09.02"]
[Round "1.1"]
[White "Roydov, Plamen"]
[Black "Ozturk, Emir"]
[Result "0-1"]
[WhiteElo "1712"]
[BlackElo "2191"]
[PlyCount "104"]
[EventDate "2016.09.02"]
[EventType "swiss"]
[EventRounds "7"]
[EventCountry "BUL"]

1. d4 Nf6 2. c3 e6 3. Bf4 c5 4. e3 Nc6 5. Nd2 d5 6. Ngf3 Nh5 7. Be5 f6 8. Bg3
Nxg3 9. hxg3 Qb6 10. Qc2 g6 11. Bd3 f5 12. a4 c4 13. Be2 Bd7 14. b3 cxb3 15.
Qxb3 Qc7 16. Bb5 Bg7 17. c4 a6 18. cxd5 axb5 19. dxc6 Qxc6 20. a5 O-O 21. O-O
Rfc8 22. Ra2 Qd6 23. Rd1 Bc6 24. Raa1 Ra6 25. Rdc1 Rca8 26. Ng5 Bd7 27. Qc3 h6
28. Ngf3 Bc6 29. Ne5 b4 30. Qc5 Bxe5 31. Qxe5 Qxe5 32. dxe5 Rxa5 33. Rab1 Rb5
34. Rc4 Ra2 35. Rd4 Bd5 36. e4 fxe4 37. Nxe4 Bxe4 38. Rxe4 b3 39. f4 Rc2 40.
Kf1 b2 41. Re2 Rc1+ 42. Re1 Rxb1 43. Rxb1 g5 44. Kf2 Rb3 45. fxg5 h5 46. Kg1
Kg7 47. Kh2 Kg6 48. Kh3 Kxg5 49. Kh2 Kg4 50. Kg1 Kxg3 51. Kf1 b5 52. Kg1 Rc3
0-1

[Event "2nd open for DUNI cup"]
[Site "Primorsko"]
[Date "2016.09.02"]
[Round "1.2"]
[White "Kralevski, Aleksander"]
[Black "Vavov, Petar"]
[Result "1-0"]
[WhiteElo "2130"]
[BlackElo "1711"]
[PlyCount "55"]
[EventDate "2016.09.02"]
[EventType "swiss"]
[EventRounds "7"]
[EventCountry "BUL"]

1. e4 Nc6 2. Nf3 d6 3. d4 g6 4. h3 Bg7 5. Nc3 Nf6 6. Be3 O-O 7. Qd2 e5 8. O-O-O
exd4 9. Nxd4 Nxd4 10. Bxd4 Re8 11. f3 a6 12. g4 Nd7 13. Bxg7 Kxg7 14. g5 Nb6
15. h4 Qe7 16. h5 Bd7 17. f4 Bg4 18. hxg6 fxg6 19. Re1 Rad8 20. Be2 Bxe2 21.
Rxe2 Rf8 22. Reh2 Rh8 23. Qd4+ Kg8 24. Nd5 Nxd5 25. Qxd5+ Kg7 26. Rh6 c6 27.
Qd4+ Kg8 28. Rxg6+ 1-0

[Event "2nd open for DUNI cup"]
[Site "Primorsko"]
[Date "2016.09.02"]
[Round "1.3"]
[White "Kulev, Atanas"]
[Black "Mitrev, Emil"]
[Result "0-1"]
[WhiteElo "1706"]
[BlackElo "2127"]
[PlyCount "46"]
[EventDate "2016.09.02"]
[EventType "swiss"]
[EventRounds "7"]
[EventCountry "BUL"]

1. e4 g6 2. d4 Bg7 3. Nc3 d6 4. Nf3 Nf6 5. Be2 O-O 6. O-O c6 7. Bg5 Nbd7 8. Re1
Qc7 9. Qd2 Re8 10. Rad1 b5 11. a3 a5 12. Bf1 Nb6 13. Na2 Be6 14. Nc1 d5 15.
exd5 Bxd5 16. Bxf6 Bxf6 17. Ne5 Bg7 18. Nb3 a4 19. Nc5 Rad8 20. Qf4 f6 21. Nxg6
e5 22. dxe5 hxg6 23. Na6 Qf7 0-1

[Event "2nd open for DUNI cup"]
[Site "Primorsko"]
[Date "2016.09.02"]
[Round "1.4"]
[White "Glavchev, Stanislav"]
[Black "Babatov, Martin"]
[Result "1-0"]
[WhiteElo "2074"]
[BlackElo "1629"]
[PlyCount "71"]
[EventDate "2016.09.02"]
[EventType "swiss"]
[EventRounds "7"]
[EventCountry "BUL"]

1. e4 c6 2. d4 d5 3. exd5 cxd5 4. Bd3 Nc6 5. c3 Nf6 6. Bf4 g6 7. Nd2 Bg7 8.
Ngf3 Bg4 9. h3 Bxf3 10. Nxf3 e6 11. Qb3 Qe7 12. O-O O-O 13. Rfe1 a6 14. Qb6
Rac8 15. Rac1 Rfe8 16. Nd2 Nh5 17. Bh2 Bh6 18. Rcd1 Bxd2 19. Rxd2 Qg5 20. Rde2
Re7 21. Re3 Nf4 22. Bf1 Rd7 23. Rg3 Qd8 24. Qxd8+ Rcxd8 25. Rf3 Nh5 26. g4 Ng7
27. Rfe3 h5 28. Bf4 hxg4 29. hxg4 Ne8 30. Kg2 Nd6 31. Bg5 Rc8 32. Rh3 Kg7 33.
Bd3 Rh8 34. Rxh8 Kxh8 35. Bf6+ Kg8 36. Rh1 1-0

[Event "2nd open for DUNI cup"]
[Site "Primorsko"]
[Date "2016.09.02"]
[Round "1.5"]
[White "Ivanov, Oleg M."]
[Black "Dyakov, Martin"]
[Result "0-1"]
[WhiteElo "1613"]
[BlackElo "2070"]
[PlyCount "72"]
[EventDate "2016.09.02"]
[EventType "swiss"]
[EventRounds "7"]
[EventCountry "BUL"]

1. c4 f5 2. Nc3 Nf6 3. Nf3 g6 4. Qc2 Bg7 5. e4 d6 6. Bd3 fxe4 7. Nxe4 O-O 8.
O-O Nc6 9. a3 Nxe4 10. Bxe4 Bg4 11. Re1 Bxf3 12. gxf3 e6 13. Rb1 Qg5+ 14. Kh1
Qh5 15. Rg1 Nd4 16. Qd3 d5 17. Bxg6 hxg6 18. Rxg6 Qxf3+ 19. Qxf3 Rxf3 20. d3
Kh7 21. Rg4 Nf5 22. Bf4 e5 23. Bg3 Rxd3 24. cxd5 Rxd5 25. Rg1 Rad8 26. Rg5
Nxg3+ 27. R1xg3 R8d7 28. Kg2 Rd3 29. R3g4 Rf7 30. Rh5+ Kg8 31. Rxe5 Rd2 32.
Re8+ Kh7 33. Rh4+ Kg6 34. Re6+ Kg5 35. Ree4 Rdxf2+ 36. Kg1 R2f4 0-1

[Event "2nd open for DUNI cup"]
[Site "Primorsko"]
[Date "2016.09.02"]
[Round "1.7"]
[White "Sen, Irem"]
[Black "Dereshki, Dario"]
[Result "0-1"]
[WhiteElo "1558"]
[BlackElo "2051"]
[PlyCount "70"]
[EventDate "2016.09.02"]
[EventType "swiss"]
[EventRounds "7"]
[EventCountry "BUL"]

1. e4 c6 2. d4 d5 3. exd5 cxd5 4. Bd3 Nc6 5. c3 Nf6 6. Nf3 g6 7. O-O Bg7 8. h3
O-O 9. Bf4 Ne8 10. Re1 Nd6 11. Nbd2 f6 12. Qb3 Nf7 13. Bf1 e5 14. Be3 e4 15.
Nh2 f5 16. f3 g5 17. Bf2 Re8 18. Qc2 Qc7 19. Nb3 Bf8 20. Bb5 Bd7 21. c4 Bd6 22.
Nf1 Nb4 23. Qc3 Nd3 24. Bxd7 Bb4 25. Qc2 Bxe1 26. Bxe1 Qxd7 27. c5 Nxe1 28.
Rxe1 exf3 29. Rxe8+ Rxe8 30. gxf3 Qe6 31. Nc1 Qe1 32. Kg2 f4 33. a3 Re6 34. b3
Rh6 35. Kh2 Qxf1 0-1

[Event "2nd open for DUNI cup"]
[Site "Primorsko"]
[Date "2016.09.02"]
[Round "2.1"]
[White "Ozturk, Emir"]
[Black "Simeonov, Svetoslav"]
[Result "1-0"]
[WhiteElo "2191"]
[BlackElo "1818"]
[PlyCount "73"]
[EventDate "2016.09.02"]
[EventType "swiss"]
[EventRounds "7"]
[EventCountry "BUL"]

1. d4 Nf6 2. c4 g6 3. g3 Bg7 4. Bg2 d5 5. cxd5 Nxd5 6. Nc3 c6 7. Nf3 O-O 8. O-O
Bg4 9. h3 Bd7 10. Qb3 Qb6 11. Nxd5 Qxb3 12. Nxe7+ Kh8 13. axb3 Re8 14. Nxg6+
hxg6 15. Re1 Na6 16. Bd2 Nc7 17. e4 Be6 18. b4 Nb5 19. Bc3 Rad8 20. e5 Bd5 21.
Ng5 Kg8 22. Bf1 a6 23. Ne4 Bxe4 24. Rxe4 f5 25. Bc4+ Kf8 26. Rh4 Nc7 27. b5 c5
28. bxa6 Nxa6 29. Bxa6 Ra8 30. dxc5 Rxa6 31. Rxa6 bxa6 32. c6 Kf7 33. e6+ Kg8
34. c7 Bxc3 35. bxc3 Kg7 36. Rd4 Rc8 37. e7 1-0

[Event "2nd open for DUNI cup"]
[Site "Primorsko"]
[Date "2016.09.02"]
[Round "2.2"]
[White "Valkov, Vladimir"]
[Black "Kralevski, Aleksander"]
[Result "1-0"]
[WhiteElo "1940"]
[BlackElo "2130"]
[PlyCount "91"]
[EventDate "2016.09.02"]
[EventType "swiss"]
[EventRounds "7"]
[EventCountry "BUL"]

1. e4 e5 2. Nf3 Nc6 3. Nc3 Nf6 4. Bb5 Bb4 5. Bxc6 dxc6 6. d3 Qd6 7. O-O h6 8.
Ne2 Bg4 9. Ng3 g6 10. h3 Be6 11. Qe2 Nd7 12. Bd2 Bxd2 13. Nxd2 h5 14. Qe3 c5
15. Ne2 O-O-O 16. b3 g5 17. Nc4 Qe7 18. Kh2 g4 19. f4 gxh3 20. gxh3 Bxc4 21.
bxc4 exf4 22. Qxf4 Kb8 23. Nc3 Ne5 24. Qf6 Qe8 25. Rf5 Ng6 26. Qxf7 Qc6 27. Rf6
Rd6 28. Nd5 Rxf6 29. Qxf6 Qe8 30. Rg1 Ne5 31. Rg5 Nc6 32. Qf4 Qd7 33. Rf5 Nd8
34. Rf8 Rxf8 35. Qxf8 b6 36. Qe7 Qc8 37. Qe8 c6 38. Qe5+ Kb7 39. Qe7+ Kb8 40.
Qd6+ Kb7 41. Ne7 Qa8 42. e5 Ka6 43. e6 Nxe6 44. Qxe6 Qb8+ 45. Kg2 Qf4 46. Qc8+
1-0

[Event "2nd open for DUNI cup"]
[Site "Primorsko"]
[Date "2016.09.02"]
[Round "2.3"]
[White "Mitrev, Emil"]
[Black "Ivanov, Ljubomir"]
[Result "1/2-1/2"]
[WhiteElo "2127"]
[BlackElo "1789"]
[PlyCount "56"]
[EventDate "2016.09.02"]
[EventType "swiss"]
[EventRounds "7"]
[EventCountry "BUL"]

1. c4 Nf6 2. Nf3 g6 3. g3 Bg7 4. Bg2 O-O 5. O-O c5 6. Nc3 Nc6 7. d4 cxd4 8.
Nxd4 a6 9. Nc2 d6 10. b3 Be6 11. Rb1 Rc8 12. Bb2 Qd7 13. Re1 Rfd8 14. e4 h5 15.
Ne3 Ne5 16. f4 Neg4 17. Ncd5 Bxd5 18. exd5 Nxe3 19. Rxe3 Ng4 20. Re4 Bxb2 21.
Rxb2 b5 22. Bf3 Nf6 23. Rd4 bxc4 24. bxc4 Qa7 25. Kg2 Rc5 26. Qb1 Rc7 27. Qd1
Rb8 28. Rb3 a5 1/2-1/2

[Event "2nd open for DUNI cup"]
[Site "Primorsko"]
[Date "2016.09.02"]
[Round "2.4"]
[White "Tsolov, Emil"]
[Black "Glavchev, Stanislav"]
[Result "0-1"]
[WhiteElo "1838"]
[BlackElo "2074"]
[PlyCount "76"]
[EventDate "2016.09.02"]
[EventType "swiss"]
[EventRounds "7"]
[EventCountry "BUL"]

1. c4 Nc6 2. Nc3 e5 3. g3 f5 4. Bg2 Nf6 5. e3 Bb4 6. Nge2 O-O 7. O-O d6 8. a3
Bxc3 9. Nxc3 f4 10. exf4 Bg4 11. f3 Bf5 12. d3 exf4 13. Bxf4 Ne5 14. Ne4 Qd7
15. b3 Rae8 16. d4 Ng6 17. Nxf6+ Rxf6 18. Bg5 Rfe6 19. g4 Re2 20. Rf2 Bc2 21.
Qxe2 Rxe2 22. Rxe2 Bxb3 23. Rb2 Bxc4 24. Rxb7 h6 25. Be3 Bd5 26. Rxa7 Nh4 27.
Rc1 Qe6 28. Bf2 Nxf3+ 29. Kh1 c6 30. Rb1 Ng5 31. Rb8+ Kh7 32. Rbb7 Bxg2+ 33.
Kxg2 Qxg4+ 34. Kf1 Qd1+ 35. Kg2 Qf3+ 36. Kf1 Qd3+ 37. Kg1 Nh3+ 38. Kg2 Nf4+ 0-1

[Event "2nd open for DUNI cup"]
[Site "Primorsko"]
[Date "2016.09.02"]
[Round "2.5"]
[White "Dyakov, Martin"]
[Black "Kamenov, Valentin"]
[Result "0-1"]
[WhiteElo "2070"]
[BlackElo "1771"]
[PlyCount "78"]
[EventDate "2016.09.02"]
[EventType "swiss"]
[EventRounds "7"]
[EventCountry "BUL"]

1. c4 Nf6 2. Nc3 d6 3. Nf3 g6 4. g3 Bg7 5. Bg2 O-O 6. O-O c6 7. d3 Nbd7 8. Rb1
e5 9. b4 a5 10. b5 d5 11. bxc6 bxc6 12. cxd5 cxd5 13. Ba3 Re8 14. Nb5 Bf8 15.
Bxf8 Rxf8 16. d4 e4 17. Ne5 Nxe5 18. dxe5 Ng4 19. Qd4 f6 20. exf6 Nxf6 21. f3
Bf5 22. Rbd1 Rb8 23. a4 Qe7 24. g4 exf3 25. exf3 Be6 26. Rfe1 Qd7 27. Qe5 Rb6
28. Nc7 Bf7 29. g5 Re8 30. Nxe8 Nxe8 31. f4 Rd6 32. Bxd5 Qg4+ 33. Kf1 Rxd5 34.
Rxd5 Qf3+ 35. Kg1 Qg4+ 36. Kf2 Qh4+ 37. Ke2 Qxh2+ 38. Kd1 Qa2 39. Rd8 Bb3+ 0-1

[Event "2nd open for DUNI cup"]
[Site "Primorsko"]
[Date "2016.09.03"]
[Round "3.1"]
[White "Vladimirov, Ivo"]
[Black "Ozturk, Emir"]
[Result "0-1"]
[WhiteElo "2017"]
[BlackElo "2191"]
[PlyCount "122"]
[EventDate "2016.09.02"]
[EventType "swiss"]
[EventRounds "7"]
[EventCountry "BUL"]

1. d4 Nf6 2. c4 e6 3. Nc3 Bb4 4. Qc2 c5 5. dxc5 O-O 6. a3 Bxc5 7. Nf3 b6 8. Bg5
h6 9. Bh4 Bb7 10. e3 Nc6 11. Be2 Be7 12. O-O Nh5 13. Bxe7 Qxe7 14. Rad1 Nf6 15.
e4 d6 16. Rd2 Rfd8 17. Rfd1 Rac8 18. Qb1 Na5 19. e5 dxe5 20. Rxd8+ Rxd8 21.
Nxe5 Rc8 22. Qd3 Ba6 23. Qd6 Qxd6 24. Rxd6 Bxc4 25. Nxc4 Nxc4 26. Bxc4 Rxc4 27.
h3 Rc8 28. Nb5 Ra8 29. Nc7 Rb8 30. Nb5 a6 31. Nc7 a5 32. Na6 Rb7 33. Rd8+ Kh7
34. Kf1 Nd5 35. g3 g6 36. Ke2 Ra7 37. Nb8 Rc7 38. Kd2 Kg7 39. Rd6 Rc8 40. Nc6
Nf6 41. Kd3 Ne8 42. Rd8 Rxc6 43. Rxe8 g5 44. Rd8 h5 45. Rd4 e5 46. Rd8 Rf6 47.
Ke3 g4 48. hxg4 hxg4 49. Rd5 Rf3+ 50. Ke4 Rxf2 51. Rb5 Kg6 52. Rxb6+ f6 53. Kd5
Rf3 54. Rb5 Rxg3 55. Rxa5 Rb3 56. Ra8 Kf5 57. a4 Rxb2 58. a5 g3 59. Rg8 Rb5+
60. Kc4 Rxa5 61. Rxg3 Ra1 0-1

[Event "2nd open for DUNI cup"]
[Site "Primorsko"]
[Date "2016.09.03"]
[Round "3.2"]
[White "Glavchev, Stanislav"]
[Black "Angelov, Zvetomir"]
[Result "1/2-1/2"]
[WhiteElo "2074"]
[BlackElo "1984"]
[PlyCount "47"]
[EventDate "2016.09.02"]
[EventType "swiss"]
[EventRounds "7"]
[EventCountry "BUL"]

1. e4 e5 2. Nf3 Nf6 3. Nc3 Bb4 4. Nxe5 Qe7 5. Nd3 Bxc3 6. dxc3 Qxe4+ 7. Qe2 h6
8. Qxe4+ Nxe4 9. Bf4 d6 10. O-O-O Be6 11. Re1 Nf6 12. g3 Kd7 13. Bg2 Bd5 14.
Bxd5 Nxd5 15. c4 Nxf4 16. Nxf4 Nc6 17. Nh5 Rhg8 18. f4 Rae8 19. Rxe8 Kxe8 20.
Re1+ Kd7 21. c3 Nb8 22. Kd2 Kd8 23. b3 Nd7 24. g4 1/2-1/2

[Event "2nd open for DUNI cup"]
[Site "Primorsko"]
[Date "2016.09.03"]
[Round "3.3"]
[White "Stoyanov, Tsvetan"]
[Black "Valkov, Vladimir"]
[Result "1/2-1/2"]
[WhiteElo "2068"]
[BlackElo "1940"]
[PlyCount "94"]
[EventDate "2016.09.02"]
[EventType "swiss"]
[EventRounds "7"]
[EventCountry "BUL"]

1. e4 e6 2. d4 d5 3. Nd2 Nf6 4. e5 Nfd7 5. Bd3 b6 6. Ne2 Ba6 7. Nf3 Bxd3 8.
Qxd3 Qc8 9. c3 Qa6 10. Qc2 c5 11. O-O Nc6 12. Ng3 Rc8 13. Qd2 Na5 14. Qf4 h6
15. Bd2 Nc4 16. b3 Nxd2 17. Qxd2 c4 18. b4 Qa3 19. Ne1 Be7 20. Nc2 Qa4 21. f4
g6 22. Ne3 Qa3 23. Ne2 a5 24. Nc2 Qa4 25. a3 Qc6 26. g4 h5 27. h3 hxg4 28. hxg4
f5 29. Ne3 Kf7 30. Kg2 Rh7 31. Rh1 Rch8 32. Rxh7+ Rxh7 33. Qc2 Ke8 34. Rb1 Kd8
35. Ng3 Kc7 36. Kf3 a4 37. Rh1 Rxh1 38. Nxh1 Qa8 39. Qh2 Qg8 40. Nf2 Nf8 41. g5
Qh7 42. Qxh7 Nxh7 43. Ng2 Nf8 44. Nh4 Kd7 45. Ng2 Ke8 46. Ne3 Nd7 47. Nc2 b5
1/2-1/2

[Event "2nd open for DUNI cup"]
[Site "Primorsko"]
[Date "2016.09.03"]
[Round "3.4"]
[White "Nikolov, Yavor"]
[Black "Dereshki, Dario"]
[Result "0-1"]
[WhiteElo "1524"]
[BlackElo "2051"]
[PlyCount "121"]
[EventDate "2016.09.02"]
[EventType "swiss"]
[EventRounds "7"]
[EventCountry "BUL"]

1. e4 e5 2. Nf3 d5 3. exd5 e4 4. Nd4 Qxd5 5. Nb3 Nf6 6. Nc3 Qf5 7. Qe2 Be7 8.
d3 exd3 9. Qxd3 O-O 10. Bd2 Re8 11. Qxf5 Bd6+ 12. Be2 Bxf5 13. Nd4 Bd7 14. O-O
c5 15. Nf3 Nc6 16. a3 Nd4 17. Bd1 Bc6 18. Nxd4 cxd4 19. Ne2 Bc5 20. b4 Bb6 21.
a4 a6 22. Nf4 Ne4 23. Be1 Rad8 24. Nd3 Bd5 25. Ra3 Nd6 26. Nf4 Bc4 27. Nd3 Re6
28. Bg4 Rg6 29. Bh5 Rf6 30. Bf3 Re8 31. Bd2 Ne4 32. Re1 Rfe6 33. Rxe4 Rxe4 34.
Bxe4 Rxe4 35. Kf1 Re6 36. f3 Kf8 37. Ra1 Rc6 38. Rc1 f6 39. Kf2 Bc7 40. h3 Bd6
41. Nc5 b6 42. Ne6+ Bxe6 43. c3 dxc3 44. Bxc3 Kf7 45. b5 axb5 46. axb5 Rc4 47.
Ke2 Be5 48. Kd3 Rxc3+ 49. Rxc3 Bxc3 50. Kxc3 Bd5 51. Kd4 Ke6 52. h4 h5 53. Ke3
Bc4 54. Kd4 Bxb5 55. Ke3 Bf1 56. g3 Bg2 57. f4 b5 58. Kd4 Kf5 59. Kc5 Kg4 60.
Kxb5 Kxg3 61. f5 0-1

[Event "2nd open for DUNI cup"]
[Site "Primorsko"]
[Date "2016.09.03"]
[Round "3.5"]
[White "Kamenov, Valentin"]
[Black "Mitrev, Emil"]
[Result "1/2-1/2"]
[WhiteElo "1771"]
[BlackElo "2127"]
[PlyCount "138"]
[EventDate "2016.09.02"]
[EventType "swiss"]
[EventRounds "7"]
[EventCountry "BUL"]

1. e4 c5 2. Nf3 e6 3. g3 Nc6 4. Bg2 Nf6 5. d3 d5 6. exd5 exd5 7. O-O Be7 8. d4
O-O 9. Nc3 cxd4 10. Nxd4 Bg4 11. f3 Bh5 12. Nce2 Rc8 13. c3 Re8 14. Bh3 Rc7 15.
Kg2 a6 16. Bf4 Bd6 17. Qd2 Bg6 18. Rae1 Bxf4 19. Nxf4 Ne5 20. b3 Rce7 21. Rd1
Nc6 22. Qf2 Qa5 23. Qb2 Re3 24. b4 Qb6 25. Qd2 Nxd4 26. cxd4 h6 27. Rc1 Qb5 28.
Rfe1 Rxe1 29. Rxe1 Rxe1 30. Qxe1 Qc4 31. Qd2 Bb1 32. a3 g5 33. Ne2 Bd3 34. Ng1
Qxd4 35. Qc1 Kg7 36. Bc8 b6 37. Nh3 Qc4 38. Qxc4 Bxc4 39. Kf2 d4 40. Ng1 Ne8
41. Ne2 Nd6 42. Bd7 Bxe2 43. Kxe2 Kf6 44. Kd3 Ke5 45. Bc6 a5 46. bxa5 bxa5 47.
Ba4 Kd5 48. Bb3+ Kc5 49. f4 f6 50. fxg5 fxg5 51. h4 Nf5 52. hxg5 hxg5 53. g4
Ne3 54. Be6 Nd5 55. Ke4 Nf4 56. Bb3 Nh3 57. Be6 d3 58. Ke3 Nf4 59. Bf7 Kd6 60.
Bc4 Ke5 61. Bb5 Kd5 62. Be8 Kc4 63. Kd2 Kd4 64. Bb5 Ke4 65. Bc6+ Kd4 66. Bb5
Ke4 67. Bc6+ Kd4 68. Bb5 Ng6 69. Bxd3 Ne5 1/2-1/2

[Event "2nd open for DUNI cup"]
[Site "Primorsko"]
[Date "2016.09.03"]
[Round "3.9"]
[White "Kralevski, Aleksander"]
[Black "Babatov, Martin"]
[Result "1-0"]
[WhiteElo "2130"]
[BlackElo "1629"]
[PlyCount "51"]
[EventDate "2016.09.02"]
[EventType "swiss"]
[EventRounds "7"]
[EventCountry "BUL"]

1. e4 c6 2. d4 d5 3. Nc3 dxe4 4. Nxe4 Bf5 5. Ng3 Bg6 6. Nf3 Nd7 7. h4 h6 8. h5
Bh7 9. Bd3 Bxd3 10. Qxd3 Qc7 11. Bd2 Ngf6 12. O-O-O O-O-O 13. Kb1 e6 14. c4 Bd6
15. Ne4 Nxe4 16. Qxe4 Nf6 17. Qe2 Kb8 18. g3 c5 19. b4 cxd4 20. c5 Bxc5 21.
bxc5 Qxc5 22. Qe5+ Qxe5 23. Nxe5 Ne4 24. Nxf7 Nxf2 25. Bf4+ Ka8 26. Nxh8 1-0

[Event "2nd open for DUNI cup"]
[Site "Primorsko"]
[Date "2016.09.03"]
[Round "3.18"]
[White "Nenchev, Georgi"]
[Black "Petkov, Hristo"]
[Result "0-1"]
[WhiteElo "1440"]
[BlackElo "2029"]
[PlyCount "34"]
[EventDate "2016.09.02"]
[EventType "swiss"]
[EventRounds "7"]
[EventCountry "BUL"]

1. e4 c5 2. c4 Nc6 3. Nc3 g6 4. Nf3 Bg7 5. Qc2 a6 6. a3 e6 7. Rb1 Nge7 8. b4
cxb4 9. axb4 O-O 10. b5 Nd4 11. Nxd4 Bxd4 12. Ne2 Bg7 13. d4 d5 14. Ba3 axb5
15. Bxe7 Qxe7 16. c5 dxe4 17. Qxe4 Qc7 0-1

[Event "2nd open for DUNI cup"]
[Site "Primorsko"]
[Date "2016.09.03"]
[Round "4.1"]
[White "Ozturk, Emir"]
[Black "Glavchev, Stanislav"]
[Result "1/2-1/2"]
[WhiteElo "2191"]
[BlackElo "2074"]
[PlyCount "72"]
[EventDate "2016.09.02"]
[EventType "swiss"]
[EventRounds "7"]
[EventCountry "BUL"]

1. d4 d5 2. Nf3 Nc6 3. Bf4 Bg4 4. e3 e6 5. c4 Bb4+ 6. Nc3 Nf6 7. Rc1 Ne4 8. h3
Bh5 9. Bd3 O-O 10. Qc2 Bg6 11. O-O Nxc3 12. bxc3 Bd6 13. cxd5 Bxd3 14. Qxd3
exd5 15. Ng5 g6 16. Qb5 Bxf4 17. exf4 Qd6 18. g3 a6 19. Qd3 Kg7 20. Rfe1 Rfe8
21. Re2 Rxe2 22. Qxe2 Qd7 23. Re1 h6 24. Nf3 Qxh3 25. c4 Qf5 26. Qb2 b6 27. Ne5
Re8 28. Rc1 Nxe5 29. fxe5 dxc4 30. Rxc4 c5 31. dxc5 bxc5 32. e6+ Qf6 33. Qxf6+
Kxf6 34. exf7 Kxf7 35. Rxc5 Re6 36. a4 Ke7 1/2-1/2

[Event "2nd open for DUNI cup"]
[Site "Primorsko"]
[Date "2016.09.03"]
[Round "4.2"]
[White "Dimitrov, Dejan"]
[Black "Stoyanov, Tsvetan"]
[Result "1/2-1/2"]
[WhiteElo "1841"]
[BlackElo "2068"]
[PlyCount "92"]
[EventDate "2016.09.02"]
[EventType "swiss"]
[EventRounds "7"]
[EventCountry "BUL"]

1. d4 Nf6 2. Bf4 e6 3. e3 b6 4. Nf3 Bb7 5. Bd3 Be7 6. h3 d5 7. Ne5 O-O 8. Nd2
Nbd7 9. Qf3 Nxe5 10. Bxe5 Nd7 11. Bf4 Bf6 12. Qg3 Bh4 13. Qh2 c5 14. c3 c4 15.
Bc2 f5 16. Nf3 Be7 17. g4 b5 18. gxf5 exf5 19. Rg1 Qb6 20. Qg3 g6 21. h4 Qe6
22. h5 Kf7 23. hxg6+ hxg6 24. Bg5 Rg8 25. Bxe7 Kxe7 26. Kd2 Raf8 27. Ng5 Qd6
28. Qxd6+ Kxd6 29. Rh1 Nf6 30. f4 Ke7 31. a4 a6 32. axb5 axb5 33. Ra7 Rb8 34.
Rh6 Rg7 35. Nf3 Ng4 36. Rh3 Kd6 37. Bd1 Ra8 38. Rxa8 Bxa8 39. Ng5 Nf6 40. Rh8
Bc6 41. Bf3 Bd7 42. Rf8 Ke7 43. Rb8 Kd6 44. Rf8 Ke7 45. Rb8 Kd6 46. Rb6+ Ke7
1/2-1/2

[Event "2nd open for DUNI cup"]
[Site "Primorsko"]
[Date "2016.09.03"]
[Round "4.3"]
[White "Valkov, Vladimir"]
[Black "Mladenov, Emil"]
[Result "1/2-1/2"]
[WhiteElo "1940"]
[BlackElo "2033"]
[PlyCount "74"]
[EventDate "2016.09.02"]
[EventType "swiss"]
[EventRounds "7"]
[EventCountry "BUL"]

1. e4 d5 2. d3 Nc6 3. g3 Nf6 4. Bg2 dxe4 5. dxe4 Qxd1+ 6. Kxd1 Bd7 7. c3 O-O-O
8. Kc2 h6 9. f3 g5 10. Be3 Bg7 11. Nd2 Ne8 12. Bh3 e6 13. f4 Bf6 14. Rf1 Rg8
15. Ne2 Rg7 16. Rhg1 Be7 17. Nc4 f6 18. Nd4 Nxd4+ 19. cxd4 g4 20. Bg2 Bb5 21.
b3 Nd6 22. Nxd6+ Bxd6 23. Rd1 h5 24. h4 gxh3 25. Bxh3 Bd7 26. d5 Re8 27. dxe6
Bxe6 28. Bxe6+ Rxe6 29. Bd4 Rxe4 30. Bxf6 Rg6 31. Bg5 Be7 32. Bxe7 Rxe7 33. Rd5
Re3 34. Rxh5 Rexg3 35. Rxg3 Rxg3 36. Rd5 Rf3 37. Rd4 c5 1/2-1/2

[Event "2nd open for DUNI cup"]
[Site "Primorsko"]
[Date "2016.09.03"]
[Round "4.4"]
[White "Angelov, Zvetomir"]
[Black "Kamenov, Valentin"]
[Result "1-0"]
[WhiteElo "1984"]
[BlackElo "1771"]
[PlyCount "115"]
[EventDate "2016.09.02"]
[EventType "swiss"]
[EventRounds "7"]
[EventCountry "BUL"]

1. c4 Nf6 2. Nf3 d6 3. d4 g6 4. Nc3 Bg7 5. h3 O-O 6. e4 c5 7. d5 e6 8. Be2 exd5
9. exd5 a6 10. O-O Nbd7 11. Bf4 Qc7 12. Bd3 b6 13. Re1 Bb7 14. a4 Rae8 15. Qd2
Rxe1+ 16. Rxe1 Re8 17. Rxe8+ Nxe8 18. Qe3 Nef6 19. Bh6 Ne5 20. Bxg7 Nxf3+ 21.
Qxf3 Kxg7 22. g4 Qe7 23. Qe2 Qxe2 24. Bxe2 g5 25. Kh2 h6 26. Kg3 Kf8 27. Bd3
Bc8 28. f4 gxf4+ 29. Kxf4 Ke7 30. Bf1 Nd7 31. g5 hxg5+ 32. Kxg5 Ne5 33. Kf4 f6
34. Ne4 f5 35. Ng3 Kf6 36. Nh5+ Kg6 37. Ng3 Bd7 38. h4 Kf6 39. h5 Nf7 40. b3
Nh6 41. Bh3 a5 42. Nf1 Be8 43. Ng3 Bd7 44. Bf1 Bc8 45. Be2 Nf7 46. Bd3 Nh6 47.
Nh1 Bd7 48. Be2 Nf7 49. Nf2 Nh6 50. Nh3 Nf7 51. Bd3 Nh6 52. Ng5 Ng8 53. Nh7+
Kg7 54. Bxf5 Be8 55. Kg5 Nh6 56. Bg6 Bd7 57. Nf6 Bh3 58. Ne8+ 1-0

[Event "2nd open for DUNI cup"]
[Site "Primorsko"]
[Date "2016.09.03"]
[Round "4.5"]
[White "Tsolov, Emil"]
[Black "Kralevski, Aleksander"]
[Result "1/2-1/2"]
[WhiteElo "1838"]
[BlackElo "2130"]
[PlyCount "208"]
[EventDate "2016.09.02"]
[EventType "swiss"]
[EventRounds "7"]
[EventCountry "BUL"]

1. c4 c6 2. Nc3 d5 3. cxd5 cxd5 4. d4 Nf6 5. Bf4 Nc6 6. e3 Bf5 7. Bd3 Bxd3 8.
Qxd3 e6 9. Nf3 Bb4 10. O-O O-O 11. a3 Bxc3 12. bxc3 Na5 13. Bg5 Rc8 14. Ne5 h6
15. Bxf6 gxf6 16. Nf3 f5 17. Nd2 Nc4 18. Nxc4 Rxc4 19. Rab1 Qc7 20. Rb3 Rc8 21.
Rc1 b6 22. h3 Qc6 23. g4 fxg4 24. hxg4 Kg7 25. Kg2 Qd7 26. f3 Qe7 27. Rb4 R4c6
28. Rb3 f5 29. gxf5 Qg5+ 30. Kf2 Qh4+ 31. Ke2 Qh2+ 32. Kd1 exf5 33. Qe2 Qh3 34.
Kc2 Rg6 35. Qa6 Rc7 36. Qb5 Qg2+ 37. Kb1 Qxf3 38. Qe8 Qe4+ 39. Qxe4 fxe4 40.
Rb5 Rg5 41. a4 Rc6 42. a5 Kg6 43. Kb2 h5 44. Rh1 bxa5 45. Rxa5 a6 46. Kb3 Rb6+
47. Ka3 Rc6 48. Kb4 Kf6 49. Rha1 h4 50. Rxa6 Rxa6 51. Rxa6+ Kf5 52. Rh6 Kg4 53.
c4 h3 54. c5 Rh5 55. Rxh5 Kxh5 56. c6 h2 57. c7 h1=Q 58. c8=Q Qb1+ 59. Ka5 Qe1+
60. Kb6 Qxe3 61. Qf5+ Qg5 62. Qh3+ Kg6 63. Kc5 Qf5 64. Qg3+ Qg5 65. Qd6+ Kf7
66. Qh2 e3 67. Qh7+ Ke6 68. Qh3+ Kf6 69. Qf3+ Ke7 70. Qe2 Ke6 71. Kb4 Kf5 72.
Kc3 Ke4 73. Qd3+ Kf4 74. Qf1+ Kg4 75. Qg2+ Kh5 76. Qh3+ Kg6 77. Qe6+ Kh5 78.
Qh3+ Kg6 79. Qe6+ Kg7 80. Qd7+ Kf6 81. Qd6+ Kf7 82. Qd7+ Kf8 83. Qc8+ Ke7 84.
Qc7+ Ke8 85. Qc6+ Kf8 86. Qc8+ Kf7 87. Qd7+ Kg6 88. Qe6+ Kh7 89. Qf7+ Kh6 90.
Qe6+ Kg7 91. Qd7+ Kf8 92. Qc8+ Ke7 93. Qc7+ Ke8 94. Qc6+ Kf8 95. Qc8+ Kg7 96.
Qd7+ Kh8 97. Qe8+ Kh7 98. Qf7+ Kh6 99. Qe6+ Kg7 100. Qd7+ Kg6 101. Qe6+ Kh7
102. Qf7+ Kh6 103. Qe6+ Kg7 104. Kd3 Qg6+ 1/2-1/2

[Event "2nd open for DUNI cup"]
[Site "Primorsko"]
[Date "2016.09.03"]
[Round "4.13"]
[White "Sotirov, Ilia"]
[Black "Kondov, Vasil"]
[Result "1-0"]
[WhiteElo "1770"]
[BlackElo "1392"]
[PlyCount "95"]
[EventDate "2016.09.02"]
[EventType "swiss"]
[EventRounds "7"]
[EventCountry "BUL"]

1. e4 e5 2. Nf3 Nc6 3. Bc4 Nf6 4. Nc3 Nxe4 5. Nxe4 d5 6. Bxd5 Qxd5 7. Nc3 Qd8
8. h3 Bd6 9. O-O Bf5 10. d3 Qd7 11. Ne4 Be7 12. Re1 f6 13. Be3 O-O 14. Ng3 Be6
15. d4 f5 16. Bg5 e4 17. Bxe7 Qxe7 18. Nh2 Rad8 19. c3 Qf7 20. Qc1 Bd5 21. b3
b5 22. Qf4 Kh8 23. Nhf1 h6 24. h4 Ne7 25. h5 Qe6 26. Rac1 Qa6 27. Qxc7 Nc6 28.
Rc2 Rde8 29. Qf4 Be6 30. Ne3 Bd7 31. Ne2 Qb7 32. Qd6 f4 33. Nxf4 Rf6 34. Ng6+
Kh7 35. Qg3 Ne7 36. Nxe7 Rxe7 37. Rce2 Rf8 38. Qg6+ Kh8 39. Qg3 Ref7 40. Qe5
Re8 41. Qg3 Ref8 42. d5 Qc8 43. Qe5 Re8 44. Qd4 Qd8 45. Nf1 Qg5 46. Ng3 Ref8
47. Qxe4 Bg4 48. Rc2 1-0